000 00468cam a2200181ua 4500
020 _a81-7141-247-5
_c600.00
041 _aeng
_h
082 _a581.1
_bSTI/PR
100 _aStiles, Walter .
245 _aPrinciples of plant physiology /
_cWalter Stiles.
_hTextual Documents
260 _aNew Delhi :
_bDiscovery publishing house ,
_c1994.
300 _a615 ; .
365 _a600.00
500 _a*CSS
504 _a
942 _cBK
999 _c7208
_d7208